| 000 | 00592ata a2200229 4500 | ||
|---|---|---|---|
| 005 | 20250819134321.0 | ||
| 008 | 15052Es2016l6b xxu||||| |||| 00| 0 spa d | ||
| 020 | _a9977643636 | ||
| 041 | _aESP | ||
| 082 | _a340 S718n2 | ||
| 100 |
_aSoto Gamboa, María de los Ángeles _935043 |
||
| 245 | _aNociones básicas de derecho | ||
| 250 | _a2 edición | ||
| 260 | _aCosta Rica | ||
| 260 | _bEUNED | ||
| 260 | _c2016 | ||
| 300 | _a152 páginas | ||
| 490 | _aDirección y Administración de Empresas | ||
| 490 | _aInvestigación Criminal | ||
| 650 | _aDERECHO | ||
| 942 |
_cBK _2ddc |
||
| 999 |
_c6031 _d6031 |
||